Five Countries with Most World Cup Appearances by Continent - Statistics

General Stats
  • This quiz has been taken 2,758 times
  • The average score is 23 of 28
Answer Stats
Continent # Country % Correct
South America 21 Brazil
98%
South America 17 Argentina
97%
Europe 19 Germany
97%
North America 10 United States
97%
Europe 15 France
96%
North America 16 Mexico
96%
Oceania 5 Australia
95%
Europe 18 Italy
95%
Europe 15 Spain
95%
Asia 6 Japan
94%
Europe 15 England
93%
South America 13 Uruguay
93%
South America 9 Chile
91%
Asia 10 South Korea
91%
Oceania 2 New Zealand
90%
Africa 5 Morocco
83%
Africa 6 Nigeria
82%
South America 8 Paraguay
80%
North America 5 Costa Rica
79%
Africa 4 Algeria
77%
Africa 7 Cameroon
77%
Asia 5 Iran
75%
Asia 5 Saudi Arabia
71%
North America 3 Honduras
70%
Africa 5 Tunisia
65%
Asia 2 North Korea
58%
North America 2 El Salvador
54%
Asia 2 Turkey
50%
No matching quizzes found
Score Distribution
Percent of People with Each Score
Percentile by Number Answered
Your Score History
You have not taken this quiz